000 00752cab a2200277 4500
001 WB3042-84
008 090401t1994 xxu||||| |||| 00| 0 eng d
035 _a(Sirsi) u81226
041 _aeng
245 _aBirmingham and the West Midlands
260 _c1994
300 _aLOAN
350 _a0
490 _aFinancial Times
_v7 November 1994 (6)
520 _aSupplement on the West Midlands and Birmingham focusing on how the region is moving out of the recession.
650 _aHOTELS
650 _aInfrastructure
_96246
650 _aPARTNERSHIPS
650 _aSERVICE INDUSTRIES
650 _aTRANSPORT
650 _aURBAN RENEWAL
650 _aWEST MIDLANDS
690 _aSPECIAL REPORTS
942 _n0
948 _c04/03/1997
999 _c51191
_d51191